| 000 | 00599nam a2200217Ia 4500 | ||
|---|---|---|---|
| 003 | IIN | ||
| 005 | 20250519110846.0 | ||
| 008 | 231217s2021 xx d 001 0 eng d | ||
| 020 |
_cRs.225.00 _a818925300X |
||
| 020 | _a9788189253004 | ||
| 040 |
_aIIN _bEnglish |
||
| 082 |
_a150.15195 _bGAR |
||
| 100 | 1 | _aGarrett, Henry E. | |
| 245 | 1 |
_aStatistics in Psychology and Education/ _cHenry E. Garrett |
|
| 260 |
_bParagon International _aNew Delhi _c2021 |
||
| 300 |
_axii, 491 p. _bill. |
||
| 500 | _aIncludes Index | ||
| 650 | 1 |
_aPsychology _vNursing |
|
| 650 | 1 |
_aEducation _vNursing |
|
| 942 | _cBOOK | ||
| 999 |
_c824 _d824 |
||